Die bestrebungen der Vereinigten Staaten für ausbau und festigung einer zwischenstaatlichen ordnung (1794-1917) (Record no. 89768)
[ view plain ]
| 000 -LEADER | |
|---|---|
| fixed length control field | 00789cam a22002171 4500 |
| 001 - CONTROL NUMBER | |
| control field | sd 20000018 |
| 003 - CONTROL NUMBER IDENTIFIER | |
| control field | DLC |
| 005 - DATE AND TIME OF LATEST TRANSACTION | |
| control field | 20260227112732.0 |
| 008 - FIXED-LENGTH DATA ELEMENTS--GENERAL INFORMATION | |
| fixed length control field | 860902s1917 ne 000 0 ger c |
| 010 ## - LIBRARY OF CONGRESS CONTROL NUMBER | |
| LC control number | sd 20000018 |
| 035 ## - SYSTEM CONTROL NUMBER | |
| System control number | (OCoLC)14171182 |
| 040 ## - CATALOGING SOURCE | |
| Original cataloging agency | Library, U.S. Dept. of State |
| Transcribing agency | DGW |
| Modifying agency | DLC |
| 050 00 - LIBRARY OF CONGRESS CALL NUMBER | |
| Classification number | JX1961.U6 |
| Item number | F7 |
| 100 1# - MAIN ENTRY--PERSONAL NAME | |
| Personal name | Fried, Alfred H. |
| Fuller form of name | (Alfred Hermann), |
| Dates associated with a name | 1864-1921. |
| 245 14 - TITLE STATEMENT | |
| Title | Die bestrebungen der Vereinigten Staaten für ausbau und festigung einer zwischenstaatlichen ordnung (1794-1917) |
| Statement of responsibility, etc. | von dr. Alfred H. Fried ... |
| 260 ## - PUBLICATION, DISTRIBUTION, ETC. | |
| Place of publication, distribution, etc. | Haag, |
| Date of publication, distribution, etc. | 1917. |
| 300 ## - PHYSICAL DESCRIPTION | |
| Extent | 52, [4] p. |
| Dimensions | 22 cm. |
| 490 0# - SERIES STATEMENT | |
| Series statement | Nederlandsche Anti-oorlog raad. Capita selecta, |
| Volume/sequential designation | no. 2 |
| 650 #0 - SUBJECT ADDED ENTRY--TOPICAL TERM | |
| Topical term or geographic name entry element | Arbitration (International law) |
| General subdivision | History. |
| 651 #0 - SUBJECT ADDED ENTRY--GEOGRAPHIC NAME | |
| Geographic name | United States |
| General subdivision | Foreign relations. |
No items available.